Nowy lad w zbiorowych stosunkach pracy po dwóch latach?

Diskusia 6 odborníkov. Pakt o štátnom podniku. Zákon o odborovej organizácii. Otázka rovnosti strán. O potrebe vypracovať rokovacie metódy na riešenie základných spoločensko-hospodárskych pomerov. Trojstranné rokovania, čiže kolektívne zmluvy na rozličných úrovniach. Problém súkromného sektora, ktor...

Descrizione completa

Salvato in:
Dettagli Bibliografici
Natura: Capitolo di libro
Lingua:polacco
Soggetti:
Tags: Aggiungi Tag
Nessun Tag, puoi essere il primo ad aggiungerne!!

MARC

LEADER 00000naa a2200000 4500
001 r012192
005 20220826094616.5
041 0 |a pol 
044 |a PL 
245 1 0 |a Nowy lad w zbiorowych stosunkach pracy po dwóch latach? 
520 |a Diskusia 6 odborníkov. Pakt o štátnom podniku. Zákon o odborovej organizácii. Otázka rovnosti strán. O potrebe vypracovať rokovacie metódy na riešenie základných spoločensko-hospodárskych pomerov. Trojstranné rokovania, čiže kolektívne zmluvy na rozličných úrovniach. Problém súkromného sektora, ktorý čaká na riešenie. 
610 2 0 |a odbory 
610 2 0 |a podnik 
610 2 0 |a zmluvy kolektívne 
610 2 0 |a vyjednávanie kolektívne 
610 2 0 |a PR